000 01089nam a2200241Ia 4500
003 OSt
005 20220923224250.0
006 a|||||r|||| 00| 0
007 ta
008 220922b |||||||| |||| 00| 0 hin d
024 _a230,152
037 _cTextual
040 _aARTS
_cARTS
_bhin
041 _2hin
_ahin
082 _aO113,3M81x, 152P4
100 _aमहेंद्र, अनुराधा, अनु.
245 0 _aएक स्त्री की ज़िंदगी के चौबीस घंटे
_b विश्व के महान कथाशिल्पी स्टिफन जि़्वग की श्रेष्ठ कहानियां
246 _aEk strī kī ज़iandagī ke chaubīs ghanṭe: vishva ke hinān kathāshilpī sṭifan ji़vag kī shreṣhṭha kahāniyāan
260 _aमुंबई
_b संवाद प्रकाशन
_c2004
300 _a154पृ.
_ccm.
942 _hO113,3M81x, 152P4
_cTEXL
_2CC
999 _c370273
_d370273